000 00530nam a2200217Ia 4500
003 OSt
005 20220923230925.0
006 a|||||r|||| 00| 0
007 ta
008 Pun
024 _a306,500
037 _cTextual
040 _aARTS
_cARTS
_bPun
041 _2Pun
_aPun
082 _aO153,8NNAx, M3
100 _aਨੰਦਾ, ਜੇ ਐਲ
_9159218
245 0 _aਨੀਮ ਹਕੀਮ
260 _c1983
942 _hO153,8NNAx, M3
_cTEXL
_2CC
999 _c388280
_d388280